00658nab a2200205 uc450000100070000000500170000700800410002403500110006503500210007604000130009704100080011010000380011824500310015665000330018765000190022065000180023970000360025770000430029377301160033680485920240201185245.0030408s2001 spa  a804859 a(OCoLC)820019385 ccomduadb aspa10aHernandez Flores, Rocio4auteaut10aTres craneos escafocefalos aAntropologia fisica - Mexico aMalformaciones aMorfometría10aMartinez Sosa, Gloria4auteaut10aJiménez López, José C.4auteaut0 tEstudios de Antropología Biológica (México)gVol. 10, No, 02, 2001, p. 551-569w690677x1405-50660216497